Normal view MARC view

Entry Topical Term

Number of records used in: 1

001 - CONTROL NUMBER

  • control field: 29690

003 - CONTROL NUMBER IDENTIFIER

  • control field: OSt

005 - DATE AND TIME OF LATEST TRANSACTION

  • control field: 20211105135305.0

008 - FIXED-LENGTH DATA ELEMENTS

  • fixed length control field: 211105|| aca||aabn | a|a d

040 ## - CATALOGING SOURCE

  • Original cataloging agency: OSt
  • Transcribing agency: OSt

150 ## - HEADING--TOPICAL TERM

  • Topical term or geographic name entry element: Sun's radiation

670 ## - SOURCE DATA FOUND

  • Source citation: Work cat.: (OSt): Committee on Space Research Scientific Assembly 35th Paris 2004 July 18-24 29688, Influence of sun's radiation and particles on the earth's atmosphere and climate, 2005

Powered by Koha